000 00960cab a2200217 4500
001 WB3410-51
008 090401t1998 xxu||||| |||| 00| 0 eng d
035 _a(Sirsi) u84787
041 _aeng
245 _aBusiness rates
260 _c1998
350 _a0
490 _aEstates Gazette Case Summaries
_v[1998] EGCS 31, 7/3/98
520 _a"AEM (Avon) Ltd v Bristol CC", QBD 23 February 1998. Bristol (B) made a demand for business rates, which the appellant (A) paid in full. B refunded part in error, then later served demand notices in respect of the refunds. A had already passed on the refund to tenants. Justices making liability order in respect of refunds. Whether claim for restitution in civil court more appropriate forum for claim for refund repayment. Held, Judgment for the A.
650 _aBUSINESS RATES
650 _aLIABILITY
650 _aREFUND
690 _aRATING AND VALUATION-CASE LAW
942 _n0
948 _c11/03/1998
999 _c53316
_d53316